Fall parade / (Record no. 400554)
[ view plain ]
| 000 -LEADER | |
|---|---|
| fixed length control field | 01414pam a2200361 i 4500 |
| 001 - CONTROL NUMBER | |
| control field | zcodcb b7920192 |
| 005 - DATE AND TIME OF LATEST TRANSACTION | |
| control field | 20240925131624.0 |
| 007 - PHYSICAL DESCRIPTION FIXED FIELD--GENERAL INFORMATION | |
| fixed length control field | t|| |
| 008 - FIXED-LENGTH DATA ELEMENTS--GENERAL INFORMATION | |
| fixed length control field | 240531s2024 nyua a 000 1 eng d |
| 010 ## - LIBRARY OF CONGRESS CONTROL NUMBER | |
| LC control number | bl2024017154 |
| 020 ## - INTERNATIONAL STANDARD BOOK NUMBER | |
| International Standard Book Number | 9781949480443 |
| Qualifying information | hardcover |
| 020 ## - INTERNATIONAL STANDARD BOOK NUMBER | |
| International Standard Book Number | 1949480445 |
| 040 ## - CATALOGING SOURCE | |
| Original cataloging agency | NjBwBT |
| Language of cataloging | eng |
| Transcribing agency | NjBwBT |
| Description conventions | rda |
| Modifying agency | GCmBT |
| 092 ## - LOCALLY ASSIGNED DEWEY CALL NUMBER (OCLC) | |
| Classification number | children nonfiction |
| Item number | Kay |
| 100 1# - MAIN ENTRY--PERSONAL NAME | |
| Personal name | Kay, Camelia, |
| Relator term | author. |
| Relator code | aut. |
| 9 (RLIN) | 6493927 |
| 245 10 - TITLE STATEMENT | |
| Title | Fall parade / |
| Statement of responsibility, etc | words by Camelia Kay ; art by Allyn Howard. |
| 264 #1 - Production, Publication, Distribution, Manufacture, and Copyright Notice. | |
| Place of production, publication, distribution, manufacture | New York, New York : |
| Name of producer, publisher, distributor, manufacturer | Cameron Kids, an imprint of ABRAMS, |
| Date of production, publication, distribution, manufacture, or copyr | 2024. |
| 300 ## - PHYSICAL DESCRIPTION | |
| Extent | 1 volume (unpaged) : |
| Other physical details | color illustrations ; |
| Dimensions | 21 cm. |
| 336 ## - Content Type | |
| Content type term | text |
| 336 ## - Content Type | |
| Content type term | still image |
| 337 ## - Media type | |
| Media type term | unmediated |
| 338 ## - Carrier type | |
| Carrier type term | volume |
| 490 1# - SERIES STATEMENT | |
| Series statement | [Seasonal parade] |
| 520 ## - SUMMARY, ETC. | |
| Summary, etc | "Here comes fall! In this seasonal follow-up to Spring Parade, follow Daddy and Baby Fox as they welcome a festive parade of autumn fun, with falling leaves, shiny red apples, acorns, and all of their beloved friends"-- |
| 650 #1 - SUBJECT ADDED ENTRY--TOPICAL TERM | |
| Topical term or geographic name as entry element | Autumn |
| Form subdivision | Fiction. |
| 9 (RLIN) | 5693335 |
| 650 #1 - SUBJECT ADDED ENTRY--TOPICAL TERM | |
| Topical term or geographic name as entry element | Foxes |
| Form subdivision | Fiction. |
| 9 (RLIN) | 5676164 |
| 650 #1 - SUBJECT ADDED ENTRY--TOPICAL TERM | |
| Topical term or geographic name as entry element | Friendship |
| Form subdivision | Fiction. |
| 9 (RLIN) | 5673769 |
| 650 #1 - SUBJECT ADDED ENTRY--TOPICAL TERM | |
| Topical term or geographic name as entry element | Picture books. |
| 655 #7 - INDEX TERM--GENRE/FORM | |
| Genre/form data or focus term | Picture books. |
| Source of term | lcgft. |
| 700 1# - ADDED ENTRY--PERSONAL NAME | |
| Personal name | Howard, Allyn, |
| Relator term | illustrator. |
| 9 (RLIN) | 6493928 |
| 800 1# - SERIES ADDED ENTRY--PERSONAL NAME | |
| Personal name | Kay, Camelia. |
| Title of a work | Seasonal parade. |
| 9 (RLIN) | 6493929 |
| 942 ## - ADDED ENTRY ELEMENTS (KOHA) | |
| Source of classification or shelving scheme | Dewey Decimal Classification |
| Koha item type | BOOK |
| Withdrawn status | Lost status | Source of classification or shelving scheme | Damaged status | Not for loan | Collection code | Home library | Current library | Shelving location | Date acquired | Source of acquisition | Total Checkouts | Total Renewals | Full call number | Barcode | Date last seen | Date checked out | Cost, replacement price | Price effective from | Koha item type |
|---|---|---|---|---|---|---|---|---|---|---|---|---|---|---|---|---|---|---|---|
| Dewey Decimal Classification | Children NonFiction | Wasatch County Library | Wasatch County Library | Main Floor Childrens Area | 09/25/2024 | Micromarketing | 5 | 6 | E Earth Seasons Kay | 34301002131920 | 12/01/2025 | 11/12/2025 | 16.99 | 09/25/2024 | BOOK | ||||
| Dewey Decimal Classification | Children NonFiction | Wasatch County Library | Wasatch County Library | Main Floor Childrens Area | 10/16/2024 | KidsReference | 4 | 2 | E Earth Seasons Kay | 34301002134049 | 11/18/2025 | 11/05/2025 | 16.99 | 10/16/2024 | BOOK |
